Bài tập tiếng Anh 6

Spremljeno u:
Bibliografski detalji
Glavni autor: Nguyễn, Văn Lợi
Daljnji autori: Nguyễn, Hạnh Dung
Format: Knjiga
Jezik:Undetermined
Izdano: H. Giáo dục 2009
Teme:
Online pristup:http://lrc.tdmu.edu.vn/opac/search/detail.asp?aID=2&ID=6191
Oznake: Dodaj oznaku
Bez oznaka, Budi prvi tko označuje ovaj zapis!
Thư viện lưu trữ: Trung tâm Học liệu Trường Đại học Thủ Dầu Một
LEADER 00640nam a2200205Ia 4500
001 TDMU_6191
008 210410s9999 xx 000 0 und d
082 |a 420.76 
090 |b NG525 
100 |a Nguyễn, Văn Lợi 
245 0 |a Bài tập tiếng Anh 6 
245 0 |c Nguyễn Văn Lợi 
260 |a H. 
260 |b Giáo dục 
260 |c 2009 
300 |a 144tr. 
650 |a Tiếng Anh; Sách lớp 6; Ngoại ngữ  
700 |a Nguyễn, Hạnh Dung 
856 |u http://lrc.tdmu.edu.vn/opac/search/detail.asp?aID=2&ID=6191 
980 |a Trung tâm Học liệu Trường Đại học Thủ Dầu Một